Mezinárodní doprava

Platnosť zakotvených medzinárodných zmlúv v medzinárodnej cestnej nákladnej doprave, v medzinárodnej železničnej preprave tovaru,, vo vnútrozemnej vodnej doprave, v leteckej nákladnej doprave, v námornej doprave. Práva a povinnosti odosieľateľa.

Salvato in:
Dettagli Bibliografici
Autore principale: Šubert, Miroslav
Natura: Capitolo di libro
Lingua:ceco
Soggetti:
Tags: Aggiungi Tag
Nessun Tag, puoi essere il primo ad aggiungerne!!

MARC

LEADER 00000naa$a2200000$$$4500
001 0002064
005 20230908091403.9
041 0 |a cze 
044 |a CZ 
245 1 0 |a Mezinárodní doprava  |c aut. Miroslav Šubert 
520 |a Platnosť zakotvených medzinárodných zmlúv v medzinárodnej cestnej nákladnej doprave, v medzinárodnej železničnej preprave tovaru,, vo vnútrozemnej vodnej doprave, v leteckej nákladnej doprave, v námornej doprave. Práva a povinnosti odosieľateľa. 
610 2 0 |a doprava cestná 
610 2 0 |a doprava letecká medzinárodná 
610 2 0 |a doprava medzinárodná 
610 2 0 |a doprava nákladná 
610 2 0 |a doprava námorná 
610 2 0 |a doprava riečna 
610 2 0 |a doprava železničná nákladná 
610 2 0 |a Európska únia 
100 1 |a Šubert, Miroslav